[Event "Solingen-ch"]
[Site "Solingen"]
[Date "2016.10.18"]
[Round "4"]
[White "Schubert, Florian"]
[Black "Ehringfeld, Michael"]
[Result "0-1"]
[WhiteElo "982"]
[BlackElo "1588"]
[PlyCount "82"]
[EventDate "2016.09.07"]
[EventType "swiss"]
[EventRounds "7"]
[EventCountry "GER"]
[SourceTitle "EXT 2018"]
[Source "ChessBase"]
[SourceDate "2017.10.13"]
[SourceVersion "1"]
[SourceVersionDate "2017.10.13"]
[SourceQuality "1"]

1. e4 c6 2. Nc3 d5 3. exd5 cxd5 4. d4 e6 5. Nf3 Nc6 6. Bf4 Bb4 7. Bd3 Nf6 8. 0-0 a6 9. Ne2 Bd7 10. Ne5 Rc8 11. c3 Be7 12. Nxd7 Qxd7 13. Ng3 h6 14. Nh5 g5 15. Nxf6+ Bxf6 16. Bg3 Be7 17. Re1 Bd6 18. Qf3 Bxg3 19. Qxg3 Kd8 20. f4 Qc7 21. Rf1 Ke7 22. Rae1 Rcg8 23. Qf3 gxf4 24. Qxf4 Qxf4 25. Rxf4 Rg7 26. b4 Kd6 27. Ref1 Nd8 28. b5 a5 29. a4 Rhg8 30. g3 b6 31. c4 f5 32. h3 Rxg3+ 33. Kh2 Rxd3 34. cxd5 Kxd5 35. Rc1 Rd2+ 36. Kh1 Rgg2 37. Rc8 Nf7 38. Rc7 Nd6 39. h4 Rge2 40. Rf1 Rh2+ 41. Kg1 Rdg2# 0-1

[Event "Solingen-ch"]
[Site "Solingen"]
[Date "2015.10.02"]
[Round "3"]
[White "Schubert, Florian"]
[Black "Fodor, Bernhard"]
[Result "1/2-1/2"]
[WhiteElo "1137"]
[BlackElo "1381"]
[PlyCount "42"]
[EventDate "2015.09.04"]
[EventType "swiss"]
[EventRounds "7"]
[EventCountry "GER"]
[SourceTitle "EXT 2018"]
[Source "ChessBase"]
[SourceDate "2017.10.13"]
[SourceVersion "1"]
[SourceVersionDate "2017.10.13"]
[SourceQuality "1"]

1. e4 c5 2. Nf3 Nc6 3. Nc3 e6 4. d3 h6 5. Be3 d6 6. Be2 Nf6 7. d4 a6 8. a3 cxd4 9. Nxd4 Bd7 10. 0-0 Be7 11. Bc1 Na7 12. b4 Qc8 13. Bb2 b5 14. Bf3 Rb8 15. Re1 0-0 16. Qe2 e5 17. Nf5 Bxf5 18. exf5 Nc6 19. Nd5 Nxd5 20. Bxd5 Bf6 21. Rac1 Bg5 1/2-1/2

[Event "Solingen-ch"]
[Site "Solingen"]
[Date "2015.09.18"]
[Round "2"]
[White "Ehringfeld, Michael"]
[Black "Schubert, Florian"]
[Result "1-0"]
[WhiteElo "1553"]
[BlackElo "1137"]
[PlyCount "41"]
[EventDate "2015.09.04"]
[EventType "swiss"]
[EventRounds "7"]
[EventCountry "GER"]
[SourceTitle "EXT 2018"]
[Source "ChessBase"]
[SourceDate "2017.10.13"]
[SourceVersion "1"]
[SourceVersionDate "2017.10.13"]
[SourceQuality "1"]

1. d4 d5 2. Nf3 Nf6 3. Bg5 Nc6 4. e3 Ne4 5. Bf4 Bf5 6. a3 e6 7. c4 Qd7 8. Nbd2 Bd6 9. Bxd6 Qxd6 10. c5 Qd7 11. Bb5 a6 12. Ne5 Qe7 13. Nxc6 bxc6 14. Bxc6+ Kd8 15. Bxa8 c6 16. Bxc6 e5 17. 0-0 Qg5 18. Nf3 Qg6 19. Nxe5 Qe6 20. Qa4 f6 21. Qa5+ 1-0

[Event "Solingen-ch"]
[Site "Solingen"]
[Date "2013.12.13"]
[Round "7"]
[White "Schubert, Florian"]
[Black "Falge, Rainer"]
[Result "0-1"]
[WhiteElo "984"]
[BlackElo "1731"]
[PlyCount "46"]
[EventDate "2013.09.13"]
[EventType "swiss"]
[EventRounds "7"]
[EventCountry "GER"]
[SourceTitle "EXT 2015"]
[Source "ChessBase"]
[SourceDate "2014.11.20"]
[SourceVersion "1"]
[SourceVersionDate "2014.11.20"]
[SourceQuality "1"]

1. e4 d6 2. Nf3 Nf6 3. Nc3 g6 4. d4 Bg7 5. Bd3 0-0 6. 0-0 Nc6 7. Be3 Bg4 8. Qe2 Nb4 9. Rad1 Nxd3 10. Rxd3 Qc8 11. Rc1 e5 12. Rd2 exd4 13. Rxd4 Nd7 14. Rd2 Ne5 15. Bd4 Bxf3 16. gxf3 Qh3 17. Bxe5 Bxe5 18. f4 Bxf4 19. f3 Bxd2 20. Qxd2 Qxf3 21. Qd5 Qe3+ 22. Kf1 Qxc1+ 23. Ke2 Qxc2+ 0-1

[Event "Solingen-ch"]
[Site "Solingen"]
[Date "2013.09.27"]
[Round "2"]
[White "Schubert, Florian"]
[Black "Kaiser, Stephan"]
[Result "0-1"]
[WhiteElo "984"]
[BlackElo "1483"]
[PlyCount "60"]
[EventDate "2013.09.13"]
[EventType "swiss"]
[EventRounds "7"]
[EventCountry "GER"]
[SourceTitle "EXT 2015"]
[Source "ChessBase"]
[SourceDate "2014.11.20"]
[SourceVersion "1"]
[SourceVersionDate "2014.11.20"]
[SourceQuality "1"]

1. e4 c5 2. Nf3 Nc6 3. Bc4 d6 4. 0-0 Nf6 5. Nc3 g6 6. Ng5 e6 7. d3 Bg7 8. Be3 0-0 9. Qe2 Bd7 10. Rad1 Qc7 11. g3 a6 12. a4 Rac8 13. Rb1 Ne5 14. h3 Nxc4 15. dxc4 Bc6 16. Rfd1 Rcd8 17. b3 h6 18. Nf3 Nxe4 19. Nxe4 Bxe4 20. Bd2 Bxc2 21. Qe1 Bxb1 22. Rxb1 Qc6 23. Qe2 d5 24. Bf4 dxc4 25. Qxc4 Qxf3 26. Qxc5 Bd4 27. Qc7 Bxf2+ 28. Kh2 g5 29. Be5 Rd2 30. Qe7 Bc5# 0-1

[Event "Solingen-ch"]
[Site "Solingen"]
[Date "2012.10.05"]
[Round "3"]
[White "Schubert, Florian"]
[Black "Schubert, Stefan"]
[Result "0-1"]
[WhiteElo "750"]
[BlackElo "983"]
[PlyCount "80"]
[EventDate "2012.09.14"]
[EventType "swiss"]
[EventRounds "7"]
[EventCountry "GER"]
[SourceTitle "EXT 2015"]
[Source "ChessBase"]
[SourceDate "2014.11.20"]
[SourceVersion "1"]
[SourceVersionDate "2014.11.20"]
[SourceQuality "1"]

1. e4 e5 2. Nf3 d6 3. d4 Nd7 4. d5 Nc5 5. Nc3 Nf6 6. Bb5+ Bd7 7. Bxd7+ Qxd7 8. Ng5 h6 9. Nf3 Ncxe4 10. Nxe4 Nxe4 11. Qe2 Nf6 12. Nd4 Nxd5 13. b3 Be7 14. Nb5 a6 15. Na3 Nf4 16. Qe4 Qc6 17. Qxc6+ bxc6 18. Bxf4 exf4 19. 0-0 0-0 20. Rfe1 Rae8 21. Nc4 Bf6 22. Na5 Bxa1 23. Rxa1 c5 24. Nc6 Re2 25. c4 Rfe8 26. Kf1 g5 27. a3 Rb2 28. b4 Ree2 29. b5 Rxf2+ 30. Ke1 axb5 31. cxb5 Rbe2+ 32. Kd1 Rf1+ 33. Kxe2 Rxa1 34. Ne7+ Kf8 35. Ng6+ Ke8 36. h4 gxh4 37. Nxf4 Rxa3 38. Nd5 Kd7 39. Nf6+ Kc8 40. Nd5 Rb3 0-1

[Event "Solingen-ch"]
[Site "Solingen"]
[Date "2011.12.16"]
[Round "7"]
[White "Moeller, Laura"]
[Black "Schubert, Florian"]
[Result "1-0"]
[WhiteElo "770"]
[BlackElo "710"]
[PlyCount "59"]
[EventDate "2011.09.23"]
[EventType "swiss"]
[EventRounds "7"]
[EventCountry "GER"]
[SourceTitle "EXT 2015"]
[Source "ChessBase"]
[SourceDate "2014.11.20"]
[SourceVersion "1"]
[SourceVersionDate "2014.11.20"]
[SourceQuality "1"]

1. c4 g6 2. g3 Bg7 3. Nc3 Nf6 4. Bg2 0-0 5. Nf3 Nc6 6. d3 e5 7. Bg5 b6 8. Nd5 Bb7 9. d4 exd4 10. Nxd4 Ne7 11. e4 Nexd5 12. cxd5 Qe8 13. Bxf6 Bxf6 14. Nb5 Bxd5 15. Nxc7 Qe7 16. Nxa8 Rxa8 17. Qxd5 Re8 18. 0-0 Bxb2 19. Rad1 Be5 20. Bh3 Rd8 21. f4 Bd6 22. e5 Bc5+ 23. Kh1 b5 24. f5 gxf5 25. Rxf5 a5 26. Rdf1 b4 27. Rxf7 a4 28. Rxe7+ Kh8 29. Rff7 b3 30. Rxh7# 1-0

[Event "Solingen-ch"]
[Site "Solingen"]
[Date "2010.11.19"]
[Round "5"]
[White "Schubert, Florian"]
[Black "Kirschbaum, Alexander"]
[Result "0-1"]
[WhiteElo "742"]
[BlackElo "1531"]
[PlyCount "30"]
[EventDate "2010.09.10"]
[EventType "swiss"]
[EventRounds "7"]
[EventCountry "GER"]
[SourceTitle "EXT 2012"]
[Source "ChessBase"]
[SourceDate "2011.11.24"]
[SourceVersion "1"]
[SourceVersionDate "2011.11.24"]
[SourceQuality "1"]

1. e4 e5 2. Nf3 Nc6 3. Bc4 Nf6 4. Bd5 Nxd5 5. exd5 e4 6. Qe2 Qe7 7. dxc6 exf3 8. Qxe7+ Bxe7 9. 0-0 0-0 10. cxb7 Bxb7 11. gxf3 Bxf3 12. Re1 Rfe8 13. Nc3 Bc5 14. Rxe8+ Rxe8 15. d3 Re1# 0-1

[Event "Solingen-ch"]
[Site "Solingen"]
[Date "2010.09.24"]
[Round "2"]
[White "Schubert, Florian"]
[Black "Kaiser, Stephan"]
[Result "0-1"]
[WhiteElo "742"]
[BlackElo "1492"]
[PlyCount "68"]
[EventDate "2010.09.10"]
[EventType "swiss"]
[EventRounds "7"]
[EventCountry "GER"]
[SourceTitle "EXT 2012"]
[Source "ChessBase"]
[SourceDate "2011.11.24"]
[SourceVersion "1"]
[SourceVersionDate "2011.11.24"]
[SourceQuality "1"]

1. e4 c5 2. Nc3 Nc6 3. Nf3 d6 4. Bb5 Nf6 5. 0-0 Bd7 6. Bxc6 Bxc6 7. d4 Nxe4 8. d5 Nxc3 9. bxc3 Bb5 10. Re1 h6 11. a4 Bd7 12. Nh4 g5 13. Nf3 Bg7 14. Bb2 0-0 15. a5 e6 16. dxe6 Bxe6 17. Ra2 Bxa2 18. Re2 Bc4 19. Rd2 d5 20. Ba3 Qxa5 21. Bb2 Rfe8 22. h4 g4 23. Nh2 h5 24. f3 g3 25. f4 gxh2+ 26. Kxh2 Qb6 27. Bc1 Qg6 28. Ba3 b6 29. Rf2 Re3 30. f5 Qg3+ 31. Kg1 Rae8 32. Rf3 Re1+ 33. Qxe1 Rxe1+ 34. Rf1 Rxf1# 0-1